Assessment in counselling : (Record no. 44948)
[ view plain ]
| 000 -LEADER | |
|---|---|
| fixed length control field | 00860cam a2200265 a 4500 |
| 001 - CONTROL NUMBER | |
| control field | 44948 |
| 003 - CONTROL NUMBER IDENTIFIER | |
| rucl marc code | BD-RjUL |
| 005 - DATE AND TIME OF LATEST TRANSACTION | |
| control field | 20211209053936.0 |
| 008 - FIXED-LENGTH DATA ELEMENTS--GENERAL INFORMATION | |
| fixed length control field | 031222s2004 enk 001 0 eng d |
| 020 ## - INTERNATIONAL STANDARD BOOK NUMBER | |
| International Standard Book Number | 9781403904294 |
| International Standard Book Number | 1403904294 |
| 035 ## - SYSTEM CONTROL NUMBER | |
| System control number | (BD-RjUL) |
| -- | BNB2775.2089 |
| 040 ## - CATALOGING SOURCE | |
| Original cataloging agency | DLC |
| Transcribing agency | DLC |
| Language of cataloging | eng |
| 041 ## - LANGUAGE CODE | |
| Language code of text/sound track or separate title | eng |
| 082 0# - DEWEY DECIMAL CLASSIFICATION NUMBER | |
| Classification number | 158.3 |
| Edition number | 22 |
| Author mark and year | MIA 2004 |
| 100 1# - MAIN ENTRY--PERSONAL NAME | |
| Personal name | Milner, Judith, |
| Dates associated with a name | 1941- |
| 9 (RLIN) | 137760 |
| 245 10 - TITLE STATEMENT | |
| Title | Assessment in counselling : |
| Remainder of title | theory, process and decision-making / |
| Statement of responsibility, etc. | Judith Milner and Patrick O'Byrne ; consultant editor, Jo Campling. |
| 260 ## - PUBLICATION, DISTRIBUTION, ETC. (IMPRINT) | |
| Place of publication, distribution, etc. | Basingstoke : |
| Name of publisher, distributor, etc. | Palgrave Macmillan, |
| Date of publication, distribution, etc. | 2004. |
| 300 ## - PHYSICAL DESCRIPTION | |
| Pagination | xiii, 232 p. ; |
| Size | 22 cm. |
| 504 ## - BIBLIOGRAPHY, ETC. NOTE | |
| Bibliography, etc | Includes bibliographical references and index. |
| 650 #0 - SUBJECT ADDED ENTRY--TOPICAL TERM | |
| Topical term or geographic name as entry element | Counseling. |
| 9 (RLIN) | 137761 |
| 700 1# - ADDED ENTRY--PERSONAL NAME | |
| Personal name | O'Byrne, Patrick. |
| Personal name | Campling, Jo. |
| 942 ## - ADDED ENTRY ELEMENTS (KOHA) | |
| Source of classification or shelving scheme | Dewey Decimal Classification |
| Koha item type | Books |
| Lost status | Source of classification or shelving scheme | Damaged status | Not for loan | Collection code | Permanent Location | Current Location | Shelving location | Date acquired | Source of acquisition | Cost, normal purchase price | Total Checkouts | Full call number | Date last seen | Copy number | Koha item type | Date checked out |
|---|---|---|---|---|---|---|---|---|---|---|---|---|---|---|---|---|
| Dewey Decimal Classification | Not For Loan | Non-fiction | Central Library, University of Rajshahi | Central Library, University of Rajshahi | 26/05/2008 | Dhaka. Paragon Enterprises,Ltd. | 20.99 | 158.3 MIA 2004 | 21/07/2016 | C-1 | Books | |||||
| Dewey Decimal Classification | Non-fiction | Central Library, University of Rajshahi | Central Library, University of Rajshahi | 26/05/2008 | Dhaka. Paragon Enterprises,Ltd. | 20.99 | 4 | 158.3 MIA 2004 | 23/04/2026 | C-2 | Books | 13/04/2026 |